000 00835nam a22003130a 4500
001 PT32321
003 AR-LpoUNG
005 20210131225930.0
008 191001s2008||||ag |||||||||||||||||spa d
020 _a9789875742550
_c$8
040 _aAR-LpoUNG
_bspa
_cAR-LpoUNG
_eaacr
041 _aspa
044 _aag
082 0 _a982.04 618len
100 1 _aGoldman, Noemí
_edir.
245 1 0 _aLenguaje y revolución :
_bconceptos políticos clave en el Río de la Plata : 1780-1850
250 _a1ra ed.
260 _aBuenos Aires :
_bPrometeo,
_c2008.
300 _a212 p. :
_btbls.
650 4 _aANALISIS HISTORICO
650 4 _aARGENTINA
650 4 _aASPECTOS POLITICOS
650 4 _aDERECHOS CIVILES
650 4 _aHISTORIA POLITICA
650 4 _aSOBERANIA
651 4 _aArgentina
905 _a32321
942 _cLSALA
999 _c590
_d590